00727nam 22001813 4500001000700000010001800007021001800025100004100043200017400084210005300258215003300311225006000344606004700404675001900451700004600470801001800516830001100534202836 a972-31-1168-3 aPTb240474/06 a20260702d u||y0pory50 ba aTeatro nos colégios dos jesuítasea Tragédia de Acab de Miguel Venegas S. I. e o início de um género dramático (séc. XVI)fMaria Margarida Lopes de Miranda a[Lisboa]cFundação Calouste Gulbenkiand2006 a573 p.cbrochadod23 cm eCD aTextos universitários de ciências sociais e humanas aCrítica Literária.Estudos Literários a82.09vPTzpor a MirandabMaria Margarida Lopes def1966- aPTbBMMNgRPC cVanda